00573nam a2200145Ia 4500008004100000100002000041245013600061245002000197260005900217650001800276650001500294856002600309999001900335952007300354170221s9999 xx 000 0 und d aEmil Stjernholm aPolitical Ads in the Swedish 2006 and 2010 Parliamentary Elections:Focus on the Sweden Democrats and the Role of Audiovisual Media  cEmil Stjernholm bOnline Journal of Communication and Media Technologies xCommunication xMedia Arts uhttp://www.ojcmt.net/ c312887d312887 001040aCLbCLd2017-02-21l0r2017-02-21 00:00:00w2017-02-21yFOJ